| 000 | 00564nam a22002177a 4500 | ||
|---|---|---|---|
| 003 | OSt | ||
| 005 | 20220107122756.0 | ||
| 008 | 150107b xxu||||| |||| 00| 0 eng d | ||
| 020 | _a9788132110484 | ||
| 040 | _cIIITMK-K | ||
| 082 | _a378.954 ALT/H | ||
| 100 |
_aAltbach, Philip G _95917 |
||
| 110 |
_aAgarwal, Pawan (ed.) _95924 |
||
| 245 | _aA half -century of Indian higher education | ||
| 260 |
_aNew Delhi _bSage _c2012 |
||
| 300 | _axxii, 636p. | ||
| 650 |
_aHIGHER EDUCATION _95918 |
||
| 650 |
_aCHINA _95922 |
||
| 650 |
_aINDIA _95923 |
||
| 942 |
_2ddc _cBK |
||
| 999 |
_c4493 _d4493 |
||